Salgamos al campo y otros relatos /
Збережено в:
| Автор: | |
|---|---|
| Формат: | Книга |
| Мова: | Spanish |
| Опубліковано: |
San Jose, Costa Rica:
Editorial Costa Rica,
1977.
|
| Предмети: | |
| Теги: |
Додати тег
Немає тегів, Будьте першим, хто поставить тег для цього запису!
|
MARC
| LEADER | 00000nam a2200000 i 4500 | ||
|---|---|---|---|
| 001 | 370355 | ||
| 005 | 20170512090104.0 | ||
| 008 | 771207s1977 cr a 000 1 spa | ||
| 040 | |a DLC |c DLC |d DLC |d CRU CIICLA | ||
| 041 | |a spa | ||
| 082 | |a CR863.4 |b D948s | ||
| 100 | 2 | |a Durán Ayanegui, Fernando |d 1939- | |
| 245 | 1 | 0 | |a Salgamos al campo y otros relatos / |c Fernando Durán Ayanegui. |
| 260 | |a San Jose, Costa Rica: |b Editorial Costa Rica, |c 1977. | ||
| 300 | |a 143 páginas: |b ilustraciones | ||
| 505 | 0 | |a Y yo jamás veré Marsella.--Salgamos al campo.--Descontaminación.--Los mensajeros.--Los automóviles.--El mercenario tuerto.--Colegio de pueblo.--Menú de madrugada.--El ingeniero.--?Qué otra cosa podía hacer yo?--Sábado a las doce.--Guanacajte.--Tuguriada. | |
| 650 | 7 | |9 76 |a LITERATURA COSTARRICENSE |v CUENTOS | |
| 942 | |2 ddc |c BK | ||
| 999 | |c 4108 |d 4108 | ||
